Studies on the effect of chemical mutagens in rubber (Record no. 69687)

MARC details
000 -LEADER
fixed length control field 00338nam a2200133Ia 4500
100 ## - MAIN ENTRY--AUTHOR NAME
Personal name Hajra N G
245 #0 - TITLE STATEMENT
Title Studies on the effect of chemical mutagens in rubber
260 ## - PUBLICATION, DISTRIBUTION, ETC. (IMPRINT)
Name of publisher Phytobreedon
Year of publication 1986
300 ## - PHYSICAL DESCRIPTION
Number of Pages 1985-1991
700 ## - ADDED ENTRY--PERSONAL NAME
Personal name Potty S N
700 ## - ADDED ENTRY--PERSONAL NAME
Personal name Sethuraj M R
942 ## - ADDED ENTRY ELEMENTS (KOHA)
Koha item type Journals
Holdings
Withdrawn status Lost status Damaged status Not for loan Home library Current library Date acquired Serial Enumeration / chronology Koha item type
      Journals RRII Library RRII Library 17/12/2021 Volume 2, Issue 2 Journals